• 首页
  • 本馆介绍
  • 公告通知
  • 最新文献
  • 馆藏检索
  • 电子资源
  • 读者导购
  • 参考咨询
  • 我的图书馆
  • 登录
  • 详细信息显示
  • 放入我的书架
  • 预约/预借图书
  • 作者相关作品
  • 分类相关作品
  • 丛书相关作品
  • 出版社相关作品

书目信息

  • 表格格式
  • 工作单格式
  • 卡片格式
题名:
甲申三百年祭
    
 
作者: 郭沫若 著
分册:  
出版信息: 北京   人民出版社  1972
页数: 34页
开本: 19cm
丛书名:
单 册:
中图分类: K248.307
科图分类:
主题词: 史评--中国--明代 , 李自成起义
电子资源:
ISBN:
000 00649nam2 2200253 45
001 0195024780
005 20070924144704.67
010    @dCNY0.09
091    @a11001.230
100    @a19950519e1972 y0chiy0121 ea
101 0  @achi
102    @aCN@b110000
102    @aCN@b110000
105    @ay z 000yy
200 10 @a甲申三百年祭@AJIA SHEN SAN BAI NIAN JI@f郭沫若著@FGUO MO RUO ZHU
210    @a北京@c人民出版社@d1972
215    @a34页@d19cm
540 1  @a甲申@AJIA SHEN
606    @a史评@y中国@z明代
606    @a李自成起义
690    @aK248.307
701  0 @a郭沫若@AGUO MO RUO@4著
801  0 @aCN@bTSSF@c20070924
905    @dK248.307@e65=2
    
    甲申三百年祭/郭沫若著.-北京:人民出版社,1972
    34页;19cm
    
    
    ISBN :CNY0.09
    
●
相关链接 在E读中查询图书 在五车中查询图书 在当当中查询图书 在豆瓣中查询图书


正题名:甲申三百年祭     索取号:K248.307/65=2         预约/预借

序号 登录号 条形码 馆藏地/架位号 状态 备注
1 0435189   204351897   密集书库/ [索取号:K248.307/65=2] 在馆    
2 0435190   204351904   密集书库/ [索取号:K248.307/65=2] 在馆    
3 0435191   204351913   密集书库/ [索取号:K248.307/65=2] 在馆    
4 0435907   204359078   密集书库/ [索取号:K248.307/65=2] 在馆    
5 0435908   204359087   密集书库/ [索取号:K248.307/65=2] 在馆    
6 0435909   204359096   密集书库/ [索取号:K248.307/65=2] 在馆    
7 0436115   204361154   密集书库/ [索取号:K248.307/65=2] 在馆    
8 0444313   204443138   密集书库/ [索取号:K248.307/65=2] 在馆    
9 0444314   204443147   密集书库/ [索取号:K248.307/65=2] 在馆    
10 0466530   204665308   密集书库/ [索取号:K248.307/65=2] 在馆    
11 0467237   204672372   密集书库/ [索取号:K248.307/65=2] 在馆    
12 0624761   206247612   密集书库/ [索取号:K248.307/65=2] 在馆    
唐山师范学院图书馆 欢迎您!
大连网信软件有限公司© 版权所有